[Event "Wch U16 blitz"]
[Site "Batumi"]
[Date "2023.06.11"]
[Round "8"]
[White "Aleksanyan, Davit"]
[Black "Altynbekuly, Madiyar"]
[Result "0-1"]
[WhiteElo "1863"]
[BlackElo "1715"]
[PlyCount "132"]
[EventDate "2023.06.10"]
[EventType "swiss (blitz)"]
[EventRounds "11"]
[EventCountry "GEO"]
[SourceTitle "EXT 2024"]
[Source "ChessBase"]
[SourceDate "2023.10.10"]
[SourceVersion "1"]
[SourceVersionDate "2023.10.10"]
[SourceQuality "1"]
[WhiteTeam "Armenia"]
[BlackTeam "Kazakhstan"]
[WhiteTeamCountry "ARM"]
[BlackTeamCountry "KAZ"]

1. e4 c5 2. Nc3 e6 3. f4 Nc6 4. Bb5 Nge7 5. Nf3 g6 6. Bxc6 Nxc6 7. 0-0 Bg7 8. d3 0-0 9. Qe1 d5 10. e5 f6 11. exf6 Qxf6 12. a3 Bd7 13. Bd2 b6 14. Kh1 Rae8 15. Rd1 d4 16. Ne4 Qd8 17. Bc1 e5 18. Qg3 Bf5 19. Rde1 Qd7 20. fxe5 Nxe5 21. Nxe5 Bxe5 22. Qh4 Bxe4 23. Rxf8+ Rxf8 24. Qxe4 Bg7 25. Kg1 Qf5 26. Qxf5 Rxf5 27. g4 Re5 28. Rxe5 Bxe5 29. Kg2 Kf7 30. h3 Ke6 31. Kf3 Kd5 32. b3 b5 33. Bf4 Bg7 34. Bb8 a6 35. Bf4 c4 36. Bc1 Bf8 37. h4 h5 38. gxh5 gxh5 39. a4 cxb3 40. cxb3 bxa4 41. bxa4 Be7 42. Kg3 Kc6 43. Bg5 Bd6+ 44. Bf4 Be7 45. Bg5 Bd6+ 46. Kf3 Kc5 47. Ke4 Kb4 48. Kxd4 Kxa4 49. Kc4 a5 50. Bf6 Ka3 51. Kb5 a4 52. Kc4 Ka2 53. d4 a3 54. d5 Kb1 55. Kb3 a2 56. Bd4 Be7 57. Kc4 Bxh4 58. d6 Bd8 59. Kd3 h4 60. Ke2 Kc2 61. Kf3 Kd3 62. Ba1 Kc4 63. Kg4 Kd5 64. Bb2 Kxd6 65. Ba1 Ke6 66. Kf4 Bf6 0-1

[Event "Wch U16 rapid"]
[Site "Batumi"]
[Date "2023.06.08"]
[Round "9"]
[White "Aleksanyan, Davit"]
[Black "Gurel, Ediz"]
[Result "0-1"]
[WhiteElo "1811"]
[BlackElo "2345"]
[PlyCount "96"]
[EventDate "2023.06.06"]
[EventType "swiss (rapid)"]
[EventRounds "11"]
[EventCountry "GEO"]
[SourceTitle "EXT 2024"]
[Source "ChessBase"]
[SourceDate "2023.10.10"]
[SourceVersion "1"]
[SourceVersionDate "2023.10.10"]
[SourceQuality "1"]
[WhiteTeam "Armenia"]
[BlackTeam "Turkey"]
[WhiteTeamCountry "ARM"]
[BlackTeamCountry "TUR"]

1. e4 c6 2. d3 d5 3. Nd2 e5 4. Ngf3 Bd6 5. d4 exd4 6. Nxd4 Nf6 7. Bd3 0-0 8. 0-0 dxe4 9. Nxe4 Nxe4 10. Bxe4 Bxh2+ 11. Kxh2 Qh4+ 12. Kg1 Qxe4 13. Re1 Qd5 14. Bf4 Nd7 15. c4 Qa5 16. Bd6 Rd8 17. b4 Qb6 18. Be7 Re8 19. Nf5 Nf6 20. Nd6 Rxe7 21. Rxe7 Qxb4 22. Rb1 Qc5 23. Nxc8 Rxc8 24. Rbxb7 Rf8 25. Qe2 h5 26. Re5 Qd4 27. Rb1 Rd8 28. Re1 Qc3 29. Re3 Qa5 30. a3 g6 31. Rf3 Ng4 32. Qe7 Rd7 33. Qe8+ Kg7 34. Rf1 Qc7 35. Rg3 Re7 36. Qa8 Nxf2 37. Rxg6+ fxg6 38. Kxf2 Rf7+ 39. Ke2 Qe5+ 40. Kd2 Qd4+ 41. Ke2 Qxc4+ 42. Kd2 Qxf1 43. Qxc6 Qf4+ 44. Ke2 Re7+ 45. Kd1 Qd4+ 46. Kc1 Re1+ 47. Kc2 Re2+ 48. Kb3 Rb2# 0-1

[Event "Wch U16 rapid"]
[Site "Batumi"]
[Date "2023.06.07"]
[Round "4"]
[White "Aleksanyan, Davit"]
[Black "Altynbekuly, Madiyar"]
[Result "1-0"]
[WhiteElo "1811"]
[BlackElo "1775"]
[PlyCount "53"]
[EventDate "2023.06.06"]
[EventType "swiss (rapid)"]
[EventRounds "11"]
[EventCountry "GEO"]
[SourceTitle "EXT 2024"]
[Source "ChessBase"]
[SourceDate "2023.10.10"]
[SourceVersion "1"]
[SourceVersionDate "2023.10.10"]
[SourceQuality "1"]
[WhiteTeam "Armenia"]
[BlackTeam "Kazakhstan"]
[WhiteTeamCountry "ARM"]
[BlackTeamCountry "KAZ"]

1. e4 c5 2. b3 g6 3. Bb2 Nf6 4. Nc3 d6 5. Bb5+ Bd7 6. Bxd7+ Nbxd7 7. d3 Bg7 8. f4 0-0 9. Nge2 Rb8 10. 0-0 b5 11. Qe1 a5 12. Nd1 a4 13. Ne3 b4 14. Rd1 Ra8 15. Ba1 e6 16. f5 exf5 17. exf5 Re8 18. Rf3 d5 19. d4 Bh6 20. Qf2 Rxe3 21. dxc5 Ne4 22. Qf1 axb3 23. fxg6 fxg6 24. Rxd5 Rxf3 25. Qxf3 Qg5 26. Rxg5 Rxa2 27. Qxb3+ 1-0

[Event "Wch U16 rapid"]
[Site "Batumi"]
[Date "2023.06.07"]
[Round "7"]
[White "Aleksanyan, Davit"]
[Black "Safarov, Deniel"]
[Result "1-0"]
[WhiteElo "1811"]
[BlackElo "2069"]
[PlyCount "123"]
[EventDate "2023.06.06"]
[EventType "swiss (rapid)"]
[EventRounds "11"]
[EventCountry "GEO"]
[SourceTitle "EXT 2024"]
[Source "ChessBase"]
[SourceDate "2023.10.10"]
[SourceVersion "1"]
[SourceVersionDate "2023.10.10"]
[SourceQuality "1"]
[WhiteTeam "Armenia"]
[BlackTeam "Georgia"]
[WhiteTeamCountry "ARM"]
[BlackTeamCountry "GEO"]

1. e4 g6 2. d4 Bg7 3. Nc3 d6 4. f4 a6 5. Nf3 b5 6. Bd3 Nd7 7. e5 c5 8. exd6 cxd4 9. Nd5 exd6 10. 0-0 Bb7 11. Re1+ Kf8 12. c4 Bxd5 13. cxd5 Ne7 14. f5 Nf6 15. Bg5 Qd7 16. Nxd4 Nexd5 17. fxg6 hxg6 18. Bc2 Ng4 19. h3 Qa7 20. Qxg4 Qxd4+ 21. Qxd4 Bxd4+ 22. Kh1 Bf6 23. Bxf6 Nxf6 24. Rad1 Rd8 25. Rd4 Kg7 26. Rf1 d5 27. Bb3 Rd6 28. Kh2 Re8 29. Rdf4 Re2 30. R4f2 Rxf2 31. Rxf2 Nd7 32. Rd2 Nb6 33. Kg3 f5 34. Re2 Kf6 35. Re8 a5 36. Bd1 d4 37. Kf3 Nc4 38. b3 Ne5+ 39. Ke2 Re6 40. Ra8 Nc6+ 41. Kd2 g5 42. Be2 b4 43. Bb5 Ne5 44. Rxa5 g4 45. Bd3 gxh3 46. gxh3 f4 47. Rd5 Kg5 48. Be4 Re8 49. Rxd4 Kh4 50. Rxb4 Kg3 51. a4 Rd8+ 52. Kc3 f3 53. Bxf3 Nxf3 54. a5 Rc8+ 55. Rc4 Ra8 56. b4 Kxh3 57. Rc6 Ne5 58. Re6 Rc8+ 59. Kd4 Nc6+ 60. Rxc6 Rxc6 61. b5 Rc1 62. a6 1-0

[Event "EU-ch Hybrid U14"]
[Site "Tornelo INT"]
[Date "2021.10.15"]
[Round "5"]
[White "Ciocani, Iosif"]
[Black "Aleksanyan, Davit"]
[Result "1/2-1/2"]
[WhiteElo "2026"]
[BlackElo "1795"]
[PlyCount "101"]
[EventDate "2021.10.15"]
[EventType "swiss"]
[EventRounds "9"]
[EventCountry "NET"]
[SourceTitle "EXT 2023"]
[Source "ChessBase"]
[SourceDate "2022.10.05"]
[SourceVersion "1"]
[SourceVersionDate "2022.10.05"]
[SourceQuality "1"]
[WhiteTeam "Romania"]
[BlackTeam "Armenia"]
[WhiteTeamCountry "ROU"]
[BlackTeamCountry "ARM"]

1. e4 e5 2. Nc3 Nc6 3. g3 Bc5 4. Bg2 d6 5. Nge2 Nge7 6. 0-0 0-0 7. Na4 Bb6 8. Nxb6 axb6 9. d4 Ng6 10. d5 Nce7 11. h4 f5 12. h5 Nh8 13. f4 Nf7 14. Qd3 h6 15. Bd2 fxe4 16. Bxe4 Kh8 17. Bc3 Bh3 18. Rf2 Qd7 19. Bg2 Rae8 20. Raf1 Bxg2 21. Kxg2 e4 22. Qc4 Nf5 23. Bd4 c5 24. dxc6 bxc6 25. g4 Nxd4 26. Qxd4 Qxg4+ 27. Ng3 c5 28. Qd5 e3 29. Rf3 Re6 30. Re1 Rf6 31. Rexe3 Rxf4 32. Rxf4 Qxf4 33. Rf3 Qe5 34. Qxe5 dxe5 35. Ne4 Kg8 36. Rb3 Rb8 37. c3 Ng5 38. Nxg5 hxg5 39. a4 Kf7 40. a5 b5 41. a6 b4 42. cxb4 cxb4 43. a7 Ra8 44. Rxb4 Rxa7 45. Rb6 Ra5 46. Kf3 Ra4 47. Rg6 Rf4+ 48. Kg3 Rb4 49. Rxg5 Kf6 50. Rg6+ Kf7 51. Rg5 1/2-1/2